000 nam a22 a 4500
999 _c4535
_d4535
003 AKMAL
005 20170531100643.0
008 1 s1997 my l 00 eng d
015 _aM91-3366
020 _a9678904195 (pbk.):
_cRgt. 7.00
040 _cAKMAL
043 _aa-my---
082 0 4 _a347.595053 CIV
090 _a347.595053
_bCIV
110 1 _aMalaysia
_9400
240 1 _aAkta Undang-Undang Sivil, 1956.
_lEnglish
245 1 _aCivil Law Act, 1956 (Act 67) :
_bas 10th March 1997 /
_ccompiled by Legal Research Board
260 _aKuala Lumpur :
_bInternational Law Book Services,
_c1997
300 _aiii, 29p. ;
_c24cm
650 _aCivil law
_zMalaysia
_93868
942 _2ddc
_cBOOK